[Event "WIO (Open)"]
[Site "Boise, ID"]
[Date "2012.12.08"]
[Round "1.2"]
[White "Raptis, Nick"]
[Black "Gorman, Cody Austin"]
[Result "1-0"]
[WhiteElo "2349"]
[BlackElo "1662"]

1. d4 e6 2. e4 b6 3. Bd3 Bb7 4. Qe2 c5 5. d5 exd5 6. exd5+ Qe7 7. c4 Qxe2+ 8.
Nxe2 Bd6 9. Nbc3 Nf6 10. Nb5 Be5 11. f4 Bd4 12. Nexd4 cxd4 13. Nd6+ Ke7 14.
Nxb7 Na6 15. O-O Ne8 16. Re1+ Kf8 17. b3 Rb8 18. Ba3+ Kg8 19. Nd6 Nxd6 20.
Bxd6 Rd8 21. Re7 Nc5 22. Rae1 g6 23. Bb1 d3 24. Bxc5 d2 25. Bd4 dxe1=R+ 26.
Rxe1 h5 27. Bf6 Kh7 28. Bxd8 Rxd8 29. f5 Kg7 30. fxg6 fxg6 31. h4 Kf6 32. Re3
Rg8 33. Rg3 Rg7 34. Kf2 Rg8 35. Kf3 Rg7 36. b4 d6 37. Kf4 Rg8 38. Re3 Rf8 39.
Re6+ Kg7+ 40. Kg5 Rf2 41. Rxg6+ Kf7 42. Kxh5 Rb2 43. Bf5 Rxb4 44. Rxd6 Rxc4
45. g4 Rf4 46. Kg5 Ra4 47. Rd7+ Ke8 48. h5 Rxa2 49. h6 Rf2 50. h7 Rxf5+ 51.
Kxf5 Kxd7 52. h8=Q Kd6 53. Qe5+ Kc5 54. d6+ Kc6 55. g5 a5 56. Ke4 b5 57. Kd4
a4 58. Kc3 Kb6 59. Kb4 Kc6 60. Qc5+ Kd7 61. Kxb5 a3 62. Qxa3 Ke6 63. Qg3 Kd7
64. g6 Ke6 65. Kc4 Kd7 66. Kd3 Ke6 67. Kc2 Kd7 68. Kb1 Kc6 69. Ka2 Kd7 70. Ka3
Kc6 71. Ka4 Kd7 72. Ka5 Ke6 73. Kb6 Kd7 74. g7 Kd8 75. g8=N Kd7 76. Ne7 Kd8
77. Nc6+ Kd7 78. Qg6 Kc8 79. Qg4# 1-0

[Event "WIO (Open)"]
[Site "Boise, ID"]
[Date "2012.12.08"]
[Round "3.1"]
[White "Sinanan, Joshua"]
[Black "Yermolinsky, Alex"]
[Result "1/2-1/2"]
[WhiteElo "2252"]
[BlackElo "2541"]

1. d4 e6 2. c4 d5 3. Nf3 dxc4 4. e3 c5 5. Bxc4 a6 6. O-O Nf6 7. Bb3 Nbd7 8.
Qe2 b5 9. a4 Bb7 10. Rd1 b4 11. Nbd2 cxd4 12. exd4 Be7 13. Nc4 O-O 14. Bf4 Nd5
15. Bg3 {#d} 1/2-1/2

[Event "WIO (Open)"]
[Site "Boise, ID"]
[Date "2012.12.09"]
[Round "4.1"]
[White "Yermolinsky, Alex"]
[Black "Raptis, Nick"]
[Result "1-0"]
[WhiteElo "2541"]
[BlackElo "2349"]

1. d4 Nf6 2. c4 g6 3. Nc3 Bg7 4. e4 d6 5. h3 O-O 6. Bg5 Na6 7. Bd3 e5 8. d5 h6
9. Be3 Nh5 10. g3 Qe8 11. Qd2 Kh7 12. Nge2 Nb4 13. Bb1 f5 14. exf5 gxf5 15. a3
Na6 16. Bc2 Nf6 17. g4 e4 18. Ng3 Qe5 19. O-O-O Nc5 20. gxf5 Bxf5 21. Rhg1
Nd3+ 22. Bxd3 exd3 23. Nxf5 Qxf5 24. Rxg7+ Kxg7 25. Bxh6+ Kh8 26. Bxf8 Rxf8
27. Qxd3 Qxf2 28. Rf1 Qg2 29. Kb1 a6 30. Rf4 Qg7 31. Ne4 Nxe4 32. Rh4+ Kg8 33.
Qxe4 Rf1+ 34. Ka2 Kf8 35. Qe6 {#r} 1-0

[Event "WIO (Open)"]
[Site "Boise, ID"]
[Date "2012.12.09"]
[Round "5.2"]
[White "Raptis, Nick"]
[Black "Sinanan, Joshua"]
[Result "1-0"]
[WhiteElo "2349"]
[BlackElo "2252"]

1. c4 e5 2. Nc3 Nc6 3. g3 f5 4. Bg2 Nf6 5. d3 Bb4 6. Bd2 O-O 7. a3 Bxc3 8.
Bxc3 d5 9. cxd5 Nxd5 10. Qc2 Kh8 11. Nf3 Qd6 12. O-O Be6 13. Rac1 Rae8 14.
Rfd1 Bg8 15. b4 a6 16. Ba1 Qh6 17. Qc5 Nf6 18. b5 Nd7 19. Qc2 axb5 20. Rb1 Nb6
21. Rxb5 e4 22. Nh4 Qe6 23. Bh3 exd3 24. exd3 Qd7 25. Nxf5 Be6 26. Nxg7 Bxh3
27. Nxe8+ Nd4 28. Qc5 {#r} 1-0

[Event "Idaho Closed"]
[Site "Twin Falls, ID"]
[Date "2013.02.17"]
[Round "3.2"]
[White "Knoll, Lucas"]
[Black "Parsons, Larry R"]
[Result "0-1"]
[WhiteElo "1060"]
[BlackElo "2000"]

1. e4 g6 2. Nf3 Bg7 3. d4 d6 4. Bc4 Nf6 5. Nc3 O-O 6. O-O Nxe4 7. Nxe4 d5 8.
Bxd5 Qxd5 9. Nc3 Qd8 10. h3 Nd7 11. Re1 c6 12. Bf4 Nf6 13. Qe2 Re8 14. Rad1
Nd5 15. Nxd5 cxd5 16. c4 b6 17. Be5 f6 18. Bg3 e6 19. cxd5 Qxd5 20. a4 a5 21.
Bc7 Ba6 22. Qe4 Bb7 23. Qxd5 Bxd5 24. Bxb6 Reb8 25. Bc7 Rxb2 26. Rb1 Ra2 27.
Ra1 Rxa1 28. Rxa1 Bf8 29. Rb1 Bb4 30. Ne1 Rc8 31. Bb6 Rc3 32. Ra1 Kf7 33. Kh2
Ke7 34. f4 Kd7 35. g3 Re3 36. Rc1 Re2+ 37. Kg1 Rxe1+ 38. Rxe1 Bxe1 39. Kf1 Bb4
40. Ke2 Bb3 41. Kd3 Bxa4 42. Kc4 Kc6 43. Bd8 f5 44. g4 Bb5+ 45. Kb3 Kd5 46.
gxf5 gxf5 47. h4 Kxd4 48. Bf6+ Ke4 49. Be5 h5 50. Kc2 Be1 51. Bc7 a4 52. Kb2
Bxh4 53. Be5 Bg3 54. Bf6 h4 55. Bxh4 Bxh4 56. Ka3 Kxf4 57. Ka2 e5 58. Kb2 e4
59. Ka3 e3 60. Kb4 e2 61. Ka5 e1=Q+ 62. Kb6 a3 63. Kc5 a2 64. Kb6 a1=Q 65. Kb7
Qe3 66. Kb8 Qg7 {#R} 0-1

[Event "Idaho Open (Open)"]
[Site "Pocatello, ID"]
[Date "2013.05.18"]
[Round "1.1"]
[White "Leano, Bryan B"]
[Black "Hon, Eric"]
[Result "1-0"]
[WhiteElo "1938"]
[BlackElo "1681"]

1. e4 c5 2. Nf3 d6 3. d4 cxd4 4. Nxd4 Nf6 5. Nc3 a6 6. f3 g6 7. Be3 Bg7 8. Qd2
O-O 9. O-O-O b5 10. h4 b4 11. Nd5 Nxd5 12. exd5 a5 13. Bh6 Qb6 14. Bxg7 Kxg7
15. h5 Rh8 16. hxg6 fxg6 17. Qg5 Ra7 18. Bb5 a4 19. Bxa4 Rxa4 20. Qxe7+ Kg8
21. Qe8+ Kg7 22. Qxa4 Na6 23. Rhe1 Nc5 24. Qc6 Qd8 25. Ne6+ Bxe6 26. dxe6 Qg5+
27. Kb1 h5 28. e7 b3 29. e8=Q bxc2+ 30. Kxc2 Rxe8 31. Qxe8 Qf5+ 32. Re4 Nxe4
33. Qxe4 Qc5+ 34. Kb1 Kf6 35. Qd4+ {#r} 1-0

[Event "Idaho Open (Open)"]
[Site "Pocatello, ID"]
[Date "2013.05.18"]
[Round "1.2"]
[White "Gorman, Cody Austin"]
[Black "Morrow, Hans M"]
[Result "0-1"]
[WhiteElo "1673"]
[BlackElo "1900"]

1. d4 Nf6 2. Nf3 e6 3. g3 d5 4. Bg2 c5 5. O-O Nc6 6. Bg5 h6 7. Bxf6 Qxf6 8. c3
Bd7 9. Qd3 c4 10. Qc2 Bd6 11. Nbd2 O-O 12. e4 dxe4 13. Nxe4 Qe7 14. Nxd6 Qxd6
15. Rfe1 Rab8 16. Rad1 b5 17. Ne5 Rb6 18. Bf1 Bc8 19. Bxc4 bxc4 20. Nxc4 Qc7
21. Nxb6 axb6 22. Qe2 Ne7 23. f3 Bb7 24. Qd3 Qc6 25. Kf2 Ra8 26. Ra1 Ra5 27.
Re5 f5 28. Rxa5 bxa5 29. Re1 Kf7 30. Re5 Nd5 31. a3 Ba6 32. Qc2 Qb5 33. Re1 f4
34. b3 Ne3 35. Qe4 Qxb3 36. Qxf4+ Nf5 37. Qc7+ Kg6 38. Qxa5 Qc2+ 39. Kg1 Bc4
40. Qe5 Qxc3 41. Qe4 Bd5 42. Qg4+ Kf6 43. Kf2 Qxa3 44. Qf4 Qb2+ 45. Re2 Qxd4+
46. Qxd4+ Nxd4 47. Re3 g5 48. Rd3 Nxf3 49. Rxf3+ Bxf3 {#R} 0-1

[Event "Idaho Open (Open)"]
[Site "Pocatello, ID"]
[Date "2013.05.18"]
[Round "2.2"]
[White "Morrow, Hans M"]
[Black "Mathur, Abhinav"]
[Result "1/2-1/2"]
[WhiteElo "1900"]
[BlackElo "1759"]

1. d4 d5 2. c4 e6 3. Nc3 Nf6 4. Nf3 c6 5. Bg5 Be7 6. e3 O-O 7. Be2 dxc4 8.
Bxc4 b5 9. Bd3 Nbd7 10. O-O Bb7 11. a3 a6 12. Rc1 Rc8 13. Re1 c5 14. Bxf6 Nxf6
15. Bb1 Bxf3 16. Qxf3 cxd4 17. Red1 e5 18. exd4 exd4 19. Ne2 Bc5 20. g4 Qd5
21. Qh3 g6 22. Bd3 Rfe8 23. Ng3 Bb6 24. Rxc8 Rxc8 25. g5 Nd7 26. Ne4 Rd8 27.
Qh6 Qe5 28. Qh4 Rf8 29. f4 Qg7 30. Rc1 f6 31. Rc6 fxg5 32. Nxg5 Bd8 33. Qg3
Bxg5 34. Qxg5 Rf6 35. Rc8+ Nf8 36. Qd5+ Qf7 37. Qxf7+ Kxf7 38. f5 gxf5 39. a4
bxa4 40. Bc4+ Kg6 41. Rd8 Ne6 42. Bxe6 Rxe6 43. Rxd4 Re1+ 44. Kf2 Rb1 45. Rd2
Kg5 46. Kg3 h5 47. h4+ Kf6 48. Rd6+ Ke5 49. Rxa6 Rxb2 50. Ra5+ Kf6 51. Rxa4
Re2 52. Ra6+ Re6 53. Ra8 Kg6 54. Rg8+ Kh7 55. Rf8 Kg6 56. Rh8 {#d} 1/2-1/2

[Event "Idaho Open (Open)"]
[Site "Pocatello, ID"]
[Date "2013.05.18"]
[Round "2.3"]
[White "Kardzhyan, Vahan"]
[Black "Gretchanei, Petro"]
[Result "0-1"]
[WhiteElo "1456"]
[BlackElo "1845"]

1. d4 Nf6 2. c4 g6 3. Nc3 Bg7 4. e4 d6 5. Nf3 O-O 6. Bd3 Na6 7. a3 c6 8. Rb1
Qe8 9. Bf4 Nh5 10. Qd2 Nxf4 11. Qxf4 e5 12. dxe5 dxe5 13. Qg3 h6 14. b4 Qe6
15. Nh4 Nc7 16. Ne2 Qe7 17. O-O Ne8 18. c5 Nf6 19. Bc4 Kh7 20. f3 Nh5 21. Qf2
Bf6 22. g3 Bxh4 23. gxh4 Bh3 24. Rfd1 g5 25. hxg5 Rg8 26. Kh1 Rxg5 27. Rg1
Rag8 28. Rxg5 Rxg5 29. Rg1 Qf6 30. Rxg5 hxg5 31. Ng3 Qf4 32. Nxh5 Qc1+ 33. Qg1
Qxc4 34. Qa1 Qe2 35. Nf6+ Kg6 {#R} 0-1

[Event "Idaho Open (Open)"]
[Site "Pocatello, ID"]
[Date "2013.05.18"]
[Round "3.1"]
[White "Leano, Bryan B"]
[Black "Gretchanei, Petro"]
[Result "1/2-1/2"]
[WhiteElo "1938"]
[BlackElo "1845"]

1. e4 e6 2. d4 d5 3. Nc3 dxe4 4. Nxe4 Nd7 5. Nf3 Ngf6 6. Nxf6+ Nxf6 7. Bd3 b6
8. Ne5 a6 9. Qf3 Qd5 10. Qxd5 exd5 11. O-O Bd6 12. Re1 O-O 13. Bg5 Ne4 14.
Bxe4 dxe4 15. Nc4 Re8 16. f3 Bb7 17. fxe4 Bxe4 18. c3 Re6 19. Nd2 f5 20. Nxe4
fxe4 21. h3 Rae8 22. Be3 a5 23. Rf1 Rf6 24. g4 Ref8 25. Rxf6 Rxf6 26. Rf1 Kf7
27. Bg5 Rxf1+ 28. Kxf1 b5 29. Kf2 Ke6 30. Ke3 Kd5 31. b3 c5 32. c4+ bxc4 33.
bxc4+ Kxc4 34. dxc5 Kxc5 35. Kxe4 g6 36. h4 Kc4 37. h5 a4 38. hxg6 hxg6 39.
Bf6 Bg3 40. Be7 Kc3 41. Kd5 Kb2 42. a3 Bf4 43. Kc4 Bd2 44. Bb4 Bc1 45. Be7 Bd2
46. Kd5 Kb3 47. Ke6 g5 48. Kf5 Bc1 49. Bxg5 Bxg5 50. Kxg5 Kxa3 51. Kh6 Kb4 52.
g5 a3 53. g6 a2 54. g7 a1=Q 55. g8=Q {#d} 1/2-1/2

[Event "Idaho Open (Open)"]
[Site "Pocatello, ID"]
[Date "2013.05.19"]
[Round "4.1"]
[White "Morrow, Hans M"]
[Black "Leano, Bryan B"]
[Result "1-0"]
[WhiteElo "1900"]
[BlackElo "1938"]

1. d4 Nf6 2. c4 g6 3. Nc3 Bg7 4. e4 d6 5. Nf3 O-O 6. Be2 e5 7. d5 a5 8. Bg5 h6
9. Bd2 Na6 10. O-O Nc5 11. Qc2 Nfxe4 12. Nxe4 Bf5 13. Bd3 Bxe4 14. Bxe4 f5 15.
Bd3 Nxd3 16. Qxd3 e4 17. Qe2 exf3 18. Qxf3 Re8 19. Rae1 Qh4 20. b3 b6 21. Re6
Rxe6 22. dxe6 Re8 23. Qd5 Qd4 24. Re1 g5 25. g3 Be5 26. Be3 Qb2 27. f4 gxf4
28. gxf4 Bc3 29. Rf1 Re7 30. Kh1 Qe2 31. Rg1+ Bg7 32. Bd4 c6 33. Qxc6 Qxe6 34.
Bxb6 Kh7 35. Qd5 Qxd5+ 36. cxd5 Bc3 37. Rf1 Re2 38. Rf2 Re4 39. Kg2 Bd4 40.
Bxd4 Rxd4 41. Kf3 Rxd5 42. Ke3 Rd1 43. Rd2 Re1+ 44. Kf3 Rf1+ 45. Kg3 Rg1+ 46.
Kf2 Ra1 47. h3 Kg7 48. Kg3 Kf7 49. Rxd6 Rxa2 50. Rxh6 Ra3 51. Kh4 Rxb3 52. Kg5
Rb5 53. Ra6 Rc5 54. h4 Kg7 55. h5 Rb5 56. Ra7+ Kg8 57. Kg6 Rb6+ 58. Kxf5 Rb5+
59. Kg6 Rb6+ 60. Kg5 Rb1 61. Rxa5 Rg1+ 62. Kf6 Rb1 63. h6 Rb6+ 64. Kg5 Rb1 65.
Ra7 Rb5+ 66. f5 Rb1 67. Kg6 Rg1+ 68. Kf6 Rb1 69. Re7 Rh1 70. h7+ Kh8 71. Ke6
Rh6+ 72. Ke5 Rh1 73. Re8+ Kxh7 74. Kf6 Rh6+ 75. Kf7 Ra6 76. Re7 Ra8 77. Ke6+
Kg8 78. Kf6 Kf8 79. Rf7+ Kg8 80. Rb7 Kf8 81. Kg6 Ra1 82. Rb8+ Ke7 83. f6+ Ke6
84. Re8+ Kd7 85. Re2 Rh1 86. Kg7 Rg1+ 87. Kf7 Kd8 88. Rd2+ Kc7 89. Kf8 Re1 90.
f7 Re3 91. Rg2 Kd6 92. Kg8 {#r} 1-0

[Event "Idaho Open (Open)"]
[Site "Pocatello, ID"]
[Date "2013.05.19"]
[Round "4.2"]
[White "Gretchanei, Petro"]
[Black "Mathur, Abhinav"]
[Result "0-1"]
[WhiteElo "1845"]
[BlackElo "1759"]

1. e4 c5 2. c3 Nc6 3. d4 cxd4 4. cxd4 d6 5. Nf3 g6 6. Be2 Bg7 7. Be3 Nf6 8.
Nc3 O-O 9. O-O e6 10. Qd2 a6 11. Bh6 b5 12. a3 Bb7 13. Bxg7 Kxg7 14. h3 Na5
15. Rad1 Nxe4 16. Nxe4 Bxe4 17. Qf4 Bxf3 18. Bxf3 Rc8 19. Rc1 Qb6 20. g4 Nb3
21. Rcd1 Rc4 22. g5 Nxd4 23. Qf6+ Kg8 24. Bg4 Qd8 25. b3 Nxb3 26. Qf3 Nd4 27.
Qe3 Nc2 28. Qd3 Qxg5 29. Qxd6 h5 30. f4 Qc5+ {#R} 0-1

[Event "Idaho Open (Open)"]
[Site "Pocatello, ID"]
[Date "2013.05.19"]
[Round "5.2"]
[White "Mathur, Abhinav"]
[Black "Leano, Bryan B"]
[Result "0-1"]
[WhiteElo "1759"]
[BlackElo "1938"]

1. d4 Nf6 2. c4 g6 3. Nc3 Bg7 4. e3 O-O 5. Nf3 d5 6. cxd5 Nxd5 7. Bc4 Nxc3 8.
bxc3 c5 9. O-O Nc6 10. Nd2 e5 11. d5 Na5 12. e4 Nxc4 13. Nxc4 b5 14. Ne3 f5
15. f3 f4 16. Nc2 g5 17. g4 fxg3 18. hxg3 g4 19. fxg4 Rxf1+ 20. Kxf1 Qf6+ 21.
Kg2 Qg6 22. Qd3 c4 23. Qe3 Bxg4 24. Bd2 Rf8 25. Rf1 Bh3+ 26. Kxh3 Rxf1 27. Kg2
Qf7 28. Qe2 Rf6 29. Ne3 Ra6 30. Bc1 Bh6 31. Qg4+ Rg6 32. Qc8+ Qf8 33. Qd7 Bxe3
34. Bxe3 Ra6 35. Qg4+ Kh8 36. Qe2 Qf7 37. Bc5 Rg6 38. Be3 Kg8 39. Qd1 h5 40.
d6 Qd7 41. Qd5+ Qe6 42. Qxe6+ Rxe6 43. Bc5 Re8 44. Bxa7 Kf7 45. Bc5 Ke6 46.
Kh3 Rg8 47. Kh4 Rg4+ 48. Kxh5 Rxg3 49. a4 bxa4 {#R} 0-1

[Event "Idaho Open (Open)"]
[Site "Pocatello, ID"]
[Date "2013.05.19"]
[Round "5.3"]
[White "Gretchanei, Petro"]
[Black "Hon, Eric"]
[Result "1/2-1/2"]
[WhiteElo "1845"]
[BlackElo "1681"]

1. e4 c5 2. c3 d5 3. exd5 Qxd5 4. d4 cxd4 5. cxd4 Nf6 6. Nf3 Bg4 7. Be2 Nc6 8.
Nc3 Qa5 9. O-O e6 10. Qb3 Qb4 11. Nb5 Qxb3 12. axb3 Nd5 13. h3 Bh5 14. g4 Bg6
15. Bc4 Kd7 16. Nc3 Nb6 17. d5 exd5 18. Rd1 Bd6 19. Nxd5 Nxd5 20. Bxd5 Kc7 21.
Nh4 Bc5 22. Bf4+ Kb6 23. Nxg6 hxg6 24. Bxf7 Raf8 25. Rd7 Nd8 26. Bc7+ Kc6 27.
Rxd8 Kxc7 28. Rxf8 Rxf8 29. Rc1 Kb6 30. Bxg6 Rxf2 31. Kh1 Rxb2 32. Rc3 Kb5 33.
Bf7 a5 34. Be8+ Kb6 35. h4 Re2 36. Bf7 Re3 37. Rxe3 Bxe3 38. Kg2 Kc5 39. Kf3
Kd4 40. g5 b5 41. Kg4 a4 42. bxa4 bxa4 43. Kf5 Kd3 44. h5 a3 45. Kg6 Bd4 46.
h6 gxh6 47. Kxh6 Kc2 48. Kh7 Kb2 49. g6 a2 50. Bxa2 Kxa2 {#d} 1/2-1/2

[Event "ICA PM (Open)"]
[Site "Boise, ID"]
[Date "2013.09.21"]
[Round "2.1"]
[White "Gorman, Cody"]
[Black "Leslie, Cameron"]
[Result "0-1"]
[WhiteElo "1657"]
[BlackElo "2006"]
[EventRounds "5"]
[EventCountry "USA"]

1. b3 d5 2. Bb2 Bg4 3. Nf3 e6 4. Ne5 Bh5 5. g4 Bg6 6. h4 Be7 7. h5 Be4 8. Rh3
d4 9. d3 f6 10. dxe4 fxe5 11. c3 c5 12. e3 Nf6 13. f3 O-O 14. Bc4 Nxe4 15.
Bxe6+ Kh8 16. Ke2 Ng5 17. Rg3 Nxe6 18. Nd2 dxe3 19. Nc4 Nf4+ {#R} 0-1

[Event "ICA PM (Open)"]
[Site "Boise, ID"]
[Date "2013.09.21"]
[Round "3.1"]
[White "Leslie, Cameron"]
[Black "Hughes, Charles"]
[Result "0-1"]
[WhiteElo "2006"]
[BlackElo "1701"]
[EventRounds "5"]
[EventCountry "USA"]

1. d4 Nf6 2. c4 c5 3. d5 b5 4. Qc2 g6 5. e4 d6 6. Bg5 Bg7 7. Nf3 O-O 8. Be2
Ng4 9. O-O Nd7 10. Nbd2 bxc4 11. Nxc4 Nde5 12. Bf4 Nxc4 13. Bxc4 Rb8 14. Rab1
f5 15. e5 dxe5 16. Bg5 Kh8 17. h3 e4 18. Bf4 Rb6 19. Ng5 Ne5 20. Rfd1 Rd6 21.
Bb3 h6 22. Ne6 Bxe6 23. dxe6 c4 24. Bxe5 cxb3 25. Bxg7+ Kxg7 26. Qxb3 Rf6 27.
Rxd6 Qxd6 28. Rd1 Qxe6 29. Qb8 a6 30. Rd8 e3 31. fxe3 Qxe3+ 32. Kh1 Qe1+ 33.
Kh2 Rd6 34. Rxd6 Qe5+ 35. Kg1 Qxd6 36. Qxd6 exd6 37. b4 Kf6 38. Kf2 Ke5 39.
Ke3 g5 40. a4 Kd5 41. Kd3 h5 42. a5 Kc6 43. Kd4 Kb5 44. Kd5 Kxb4 45. Kxd6 Kxa5
46. Ke5 Kb4 47. Kxf5 a5 48. Kxg5 a4 49. Kxh5 a3 50. g4 a2 51. Kh6 a1=Q 52. g5
Qh8+ 53. Kg6 Qxh3 54. Kf7 Qh7+ {#R} 0-1

[Event "WIO (Open)"]
[Site "Boise, ID"]
[Date "2013.12.14"]
[Round "2.3"]
[White "Sanderson, Kenneth"]
[Black "Crosby, Jaime"]
[Result "0-1"]
[WhiteElo "1581"]
[BlackElo "2244"]
[EventRounds "5"]
[EventCountry "USA"]

1. e4 c5 2. Nf3 d6 3. d4 cxd4 4. Nxd4 Nf6 5. Nc3 a6 6. Bg5 e6 7. f4 Be7 8. Qf3
Qc7 9. O-O-O Bd7 10. Bd3 Nc6 11. Nb3 Rc8 12. a3 b5 13. Qe2 h6 14. Bh4 Nxe4 15.
Nxe4 Bxh4 16. Qg4 Bf6 17. Nxf6+ gxf6 18. Qg7 Ke7 19. Qg3 b4 20. axb4 Nxb4 21.
Qf2 Bb5 22. Kb1 Bxd3 23. cxd3 Qb7 24. Rd2 Rc7 25. Rc1 Rhc8 26. Rxc7+ Rxc7 27.
Qf3 Qb5 28. Nc1 Qa4 29. b3 Qa3 30. Qd1 Nd5 31. Ne2 Ne3 32. Ra2 Qxa2+ 33. Kxa2
Nxd1 {#R} 0-1

[Event "WIO (Open)"]
[Site "Boise, ID"]
[Date "2013.12.15"]
[Round "4.1"]
[White "Gorman, Cody"]
[Black "Crosby, Jaime"]
[Result "0-1"]
[WhiteElo "1770"]
[BlackElo "2244"]
[EventRounds "5"]
[EventCountry "USA"]

1. b3 e5 2. Bb2 Nc6 3. e3 Bc5 4. Bb5 d6 5. d4 exd4 6. exd4 Bb4+ 7. c3 Ba5 8.
d5 a6 9. Ba4 b5 10. dxc6 bxa4 11. b4 Bb6 12. c4 Qg5 13. Nf3 Qg6 14. O-O Ne7
15. Qxa4 O-O 16. b5 Bh3 17. Nh4 Qg4 18. Qb3 Qxh4 19. gxh3 Ng6 20. a4 Nf4 21.
Kh1 Nxh3 22. Qg3 Nxf2+ 23. Kg2 Qe4+ 24. Qf3 Qg6+ 25. Qg3 Qe4+ 26. Qf3 Qxc4 27.
a5 Bc5 28. Na3 Qg4+ 29. Qxg4 Nxg4 30. Rf4 Ne3+ 31. Kf3 Rab8 32. Bd4 Bxd4 33.
Rxd4 Nf5 34. Rd5 Ne7 35. Rxd6 cxd6 36. c7 Rxb5 37. Nxb5 axb5 38. a6 Ra8 39.
Ke4 f5+ 40. Kd4 Ra7 {#R} 0-1

[Event "WIO (Open)"]
[Site "Boise, ID"]
[Date "2013.12.15"]
[Round "5.1"]
[White "Crosby, Jaime"]
[Black "Jin, Benjamin"]
[Result "1-0"]
[WhiteElo "2244"]
[BlackElo "1381"]
[EventRounds "5"]
[EventCountry "USA"]

1. e4 c6 2. c4 d5 3. cxd5 cxd5 4. exd5 Nf6 5. Bb5+ Bd7 6. Bc4 Qb6 7. Nf3 Bb5
8. d3 g6 9. O-O Na6 10. Bxb5+ Qxb5 11. Nc3 Qb6 12. Ne5 Rd8 13. Qa4+ Nd7 14.
Re1 Nac5 15. Qc4 Nxe5 16. Rxe5 Bg7 17. Re2 Nd7 18. Bg5 Bf6 19. Bh6 Ne5 20. Qe4
Rd6 21. Bf4 Nd7 22. Bxd6 Qxd6 23. Qc4 O-O 24. Ne4 {#r} 1-0

[Event "Idaho Closed"]
[Site "Twin Falls, ID"]
[Date "2014.02.15"]
[Round "2.3"]
[White "Gorman, Cody Austin"]
[Black "Lang, Jamie"]
[Result "1-0"]
[WhiteElo "1808"]
[BlackElo "1470"]
[EventRounds "6"]
[EventCountry "USA"]

1. Nf3 Nc6 2. d4 d5 3. c4 Nf6 4. Nc3 g6 5. Bf4 Bg7 6. Nb5 O-O 7. Nxc7 Rb8 8.
Nxd5 Ra8 9. Nxf6+ Bxf6 10. e3 Qa5+ 11. Qd2 Qxd2+ 12. Kxd2 Bf5 13. Bd3 Bxd3 14.
Kxd3 Rfd8 15. Ke2 Rd7 16. Rhd1 a5 17. Ne5 Nxe5 18. dxe5 Rxd1 19. Rxd1 Bg7 20.
Rd7 e6 21. Rxb7 Bf8 22. e4 a4 23. Be3 Kg7 24. c5 Ra6 25. Kd3 Bxc5 26. Bxc5 Ra8
27. Bd6 Ra6 28. Rb8 {#r} 1-0

[Event "Idaho Closed"]
[Site "Twin Falls, ID"]
[Date "2014.02.16"]
[Round "3.1"]
[White "Gorman, Cody Austin"]
[Black "Parsons, Larry R"]
[Result "1/2-1/2"]
[WhiteElo "1808"]
[BlackElo "2000"]
[EventRounds "6"]
[EventCountry "USA"]

1. Nf3 g6 2. g3 c5 3. Bg2 Bg7 4. O-O Nc6 5. d3 d5 6. Nbd2 e5 7. e4 d4 8. Ne1
Nge7 9. f4 f5 10. exf5 Nxf5 11. Bxc6+ bxc6 12. Ne4 O-O 13. fxe5 Bxe5 14. Nf3
Bd6 15. Nxd6 Qxd6 16. Bf4 Qd5 17. Qe2 Bd7 18. Qe5 Rae8 19. Qxd5+ cxd5 20. Ne5
Bc8 21. Rae1 Re6 22. Ng4 h5 23. Rxe6 Bxe6 24. Nh6+ Kh7 25. Nxf5 Bxf5 {#d}
1/2-1/2

[Event "Idaho Closed"]
[Site "Twin Falls, ID"]
[Date "2014.02.17"]
[Round "6.2"]
[White "Parsons, Larry R"]
[Black "Imamovic, Nedzad"]
[Result "1-0"]
[WhiteElo "2000"]
[BlackElo "1414"]
[EventRounds "6"]
[EventCountry "USA"]

1. c4 e6 2. g3 d5 3. Nf3 Nc6 4. b3 Qf6 5. Nc3 Bd6 6. Bg2 Nge7 7. Bb2 Qg6 8.
Nb5 dxc4 9. bxc4 h5 10. c5 Bxc5 11. Nxc7+ Kf8 12. Nxa8 h4 13. Qa4 hxg3 14.
fxg3 Nb4 15. Ne5 Qc2 16. Qxc2 Nxc2+ 17. Kd1 Nxa1 18. Nc7 a6 19. Bxa1 f6 20.
Nd3 Bd6 21. Na8 Nd5 22. e4 Ne7 23. Nb6 e5 24. Nxc8 Nxc8 25. Bc3 Ke7 26. Bb4
Rd8 27. Ke2 Nb6 28. Rc1 Rd7 29. Bh3 Rd8 30. Rc7+ {#r} 1-0

[Event "BCC #2"]
[Site "Boise, ID"]
[Date "2014.04.12"]
[Round "2.1"]
[White "Gorman, Cody Austin"]
[Black "Lang, Jamie"]
[Result "1-0"]
[WhiteElo "1807"]
[BlackElo "1449"]

1. d4 Nf6 2. c4 e6 3. g3 Bb4+ 4. Bd2 Bxd2+ 5. Nxd2 O-O 6. e4 d6 7. Bg2 Nc6 8.
Ne2 e5 9. d5 Ne7 10. b4 c6 11. O-O cxd5 12. cxd5 Bg4 13. Nc4 b5 14. Ne3 Bh5
15. Qd3 a6 16. a4 Qd7 17. Nc3 Rab8 18. axb5 axb5 19. Ra5 Bg6 20. f3 Rb7 21.
Rfa1 Rfb8 22. Bf1 Ne8 23. Ra8 f5 24. Rxb8 Rxb8 25. Bh3 fxe4 26. Bxd7 exd3 27.
Nxb5 Rxb5 28. Bxb5 Nc7 29. Bc4 e4 30. Ra7 exf3 31. Rxc7 Kf7 32. Kf2 d2 33. Bb3
{#r} 1-0

[Event "BCC #2"]
[Site "Boise, ID"]
[Date "2014.04.12"]
[Round "3.1"]
[White "Olsoy, Peter"]
[Black "Gorman, Cody Austin"]
[Result "1/2-1/2"]
[WhiteElo "1763"]
[BlackElo "1807"]

1. d4 Nf6 2. Nf3 e6 3. c4 c5 4. Nc3 cxd4 5. Nxd4 a6 6. g3 Qc7 7. Qa4 Bc5 8.
Nb3 Ba7 9. Bg2 Ng4 10. c5 f5 11. h3 Nf6 12. Bf4 e5 13. Bg5 Nc6 14. Bxf6 gxf6
15. Nd5 Qd8 16. Qh4 O-O 17. Ne3 d6 18. O-O-O Nd4 19. Nxd4 exd4 20. Qxd4 Bxc5
21. Qd5+ Kh8 22. Nxf5 Bxf5 23. Qxf5 Rf7 24. Qe6 Qc7 25. Kb1 Qd7 26. Qd5 Bxf2
27. Qxd6 {#d} 1/2-1/2

[Event "ICA Players Memorial"]
[Site "Boise, ID"]
[Date "2014.08.23"]
[Round "2.4"]
[White "Buus, Jarod N"]
[Black "Hosford, Michael James"]
[Result "1-0"]
[WhiteElo "1514"]
[BlackElo "1967"]
[EventRounds "5"]
[EventCountry "USA"]

1. e4 Nc6 2. f4 d5 3. exd5 Qxd5 4. Nc3 Qd6 5. d3 Nf6 6. Be2 e6 7. Nf3 Be7 8.
Bd2 a6 9. Ne4 Nxe4 10. dxe4 Qc5 11. Bc3 O-O 12. Bd3 b5 13. a3 Bb7 14. Qe2 b4
15. axb4 Nxb4 16. Qf2 Nxd3+ 17. cxd3 Qb5 18. Qg3 g6 19. Ne5 Bb4 20. O-O Bxc3
21. bxc3 Qc5+ 22. d4 Qd6 23. Ng4 f5 24. e5 Qc6 25. Nf6+ Kh8 26. Rf3 Rf7 27.
Qh4 a5 28. Raf1 a4 29. R1f2 a3 30. Rh3 h5 31. Qg5 Kg7 32. Rxh5 Kf8 33. Rh8+
Ke7 34. Ne4+ Kd7 35. Nc5+ Qxc5 36. dxc5 Rxh8 37. Qxg6 Re7 38. Qf6 Rhe8 39. Ra2
Kc6 40. Rxa3 Kxc5 41. Qh4 Rg7 42. Qf2+ Kc6 43. Qd4 Reg8 44. g3 Rh7 {#r} 1-0

[Event "ICA Players Memorial"]
[Site "Boise, ID"]
[Date "2014.08.24"]
[Round "5.3"]
[White "Hosford, Michael James"]
[Black "Sanderson, Kenneth"]
[Result "1-0"]
[WhiteElo "1967"]
[BlackElo "1580"]
[EventRounds "5"]
[EventCountry "USA"]

1. Nf3 Nf6 2. g3 b5 3. Bg2 Bb7 4. O-O g6 5. d3 d5 6. Nbd2 Nbd7 7. Qe1 Bg7 8.
e4 O-O 9. e5 Ng4 10. e6 Nc5 11. exf7+ Rxf7 12. Ng5 Rf6 13. d4 Nd7 14. Ne6 Qc8
15. Nxg7 Kxg7 16. Qxe7+ Rf7 17. Qe2 Ngf6 18. Nf3 Ne4 19. Ng5 Nxg5 20. Bxg5 c6
21. Bh3 Qe8 22. Qd2 Nf6 23. f3 Bc8 24. Bxc8 Qxc8 25. Kg2 Ng8 26. Bf4 Qd7 27.
Be5+ Nf6 28. Rae1 Re8 29. Re2 Kg8 30. Rfe1 Re6 31. Qh6 Rfe7 32. Qg5 Kf7 33. h4
Kg8 34. g4 Qe8 35. h5 Nd7 36. h6 Nxe5 37. Rxe5 c5 38. c3 cxd4 39. cxd4 Qd7 40.
Qxe7 Qxe7 41. Rxe6 Qb4 42. Re8+ Kf7 43. R1e7+ Qxe7 44. Rxe7+ Kxe7 45. f4 Kf6
46. Kf3 Ke6 47. Kg3 Kf6 48. Kf3 Ke6 49. Ke3 Kf6 50. Kd3 Ke6 51. Kc3 Kd6 52.
Kb4 a6 53. Ka5 Kc6 54. Kxa6 b4 55. g5 Kd6 56. f5 gxf5 57. g6 hxg6 58. h7 Ke7
59. h8=Q Kf7 60. Qe5 Kg8 61. Qxd5+ Kg7 62. Qb7+ Kh6 63. Qxb4 Kg5 64. d5 f4 65.
Qd2 Kg4 66. d6 Kg3 67. d7 f3 68. d8=Q f2 69. Q8g5+ Kh3 70. Qde3+ Kh2 71. Qxf2+
{#r} 1-0